Handbook of online learning (Record no. 11902)
[ view plain ]
| 000 -LEADER | |
|---|---|
| fixed length control field | 03158cam a2200325 a 4500 |
| 001 - CONTROL NUMBER | |
| control field | 15640221 |
| 005 - DATE AND TIME OF LATEST TRANSACTION | |
| control field | 20170105102350.0 |
| 008 - FIXED-LENGTH DATA ELEMENTS--GENERAL INFORMATION | |
| fixed length control field | 090226s2010 caua bf 001 0 eng |
| 010 ## - LIBRARY OF CONGRESS CONTROL NUMBER | |
| LC control number | 2009008632 |
| 020 ## - INTERNATIONAL STANDARD BOOK NUMBER | |
| International Standard Book Number | 9781412961035 (pbk. : acidfree paper) |
| 020 ## - INTERNATIONAL STANDARD BOOK NUMBER | |
| International Standard Book Number | 1412961033 (pbk. : acidfree paper) |
| 035 ## - SYSTEM CONTROL NUMBER | |
| System control number | (OCoLC)ocn311263094 |
| 040 ## - CATALOGING SOURCE | |
| Original cataloging agency | DLC |
| Transcribing agency | DLC |
| Modifying agency | YDX |
| -- | YDXCP |
| -- | CDX |
| -- | DLC |
| 050 00 - LIBRARY OF CONGRESS CALL NUMBER | |
| Classification number | LB2395.7 |
| Item number | .H23 2010 |
| 082 00 - DEWEY DECIMAL CLASSIFICATION NUMBER | |
| Classification number | 378.17344678 |
| Edition number | 22 |
| 245 00 - TITLE STATEMENT | |
| Title | Handbook of online learning |
| Statement of responsibility, etc. | Kjell Erik Rudestam, Judith Schoenholtz-Read. |
| 250 ## - EDITION STATEMENT | |
| Edition statement | 2nd ed. |
| 260 ## - PUBLICATION, DISTRIBUTION, ETC. | |
| Place of publication, distribution, etc. | Thousand Oaks, Calif. : |
| Name of publisher, distributor, etc. | SAGE Publications, |
| Date of publication, distribution, etc. | 2010. |
| 300 ## - PHYSICAL DESCRIPTION | |
| Extent | xvii, 501 p. : |
| Other physical details | ill. ; |
| Dimensions | 26 cm. |
| 504 ## - BIBLIOGRAPHY, ETC. NOTE | |
| Bibliography, etc. note | Includes bibliographical references and index. |
| 505 0# - FORMATTED CONTENTS NOTE | |
| Formatted contents note | The flourishing of adult online education : an overview / Kjell Rudestam and Judith Schoenholtz-Read -- Presence in teleland / Gary Fontaine and Grace Chun -- The challenges of culture and community in online academic environments / Jeremy J. Shapiro and Shelley K. Hughes -- Evolving technologies / Robin Mason and Frank Rennie -- Applying social systems thinking and community informatics thinking in education : building efficient online learning design culture in universities / Pierre-Léonard Harvey -- Media psychology controls the mouse that roars / Bernard Luskin and James Hirsen -- Globalization in online learning / Janet Poley -- Online learning research / Yolanda Gazol -- Uncertain frontiers : exploring ethical dimensions of online learning / Dottie Agga-Gupta -- Revisiting the design and delivery of an interactive online graduate program / Judy Stevens-Long and Charles Crowell -- Candlepower : the intimate flow of online collaborative learning / Barclay Hudson -- Designing and developing web-based intelligent tutoring systems : a step-by step approach with practical applications / Kay Wijekumar -- Synthesizing higher education and corporate learning strategies / Bruce LaRue and Stephanie Galindo -- Teaching action research at a distance / Jenny Edwards and Sue Marquis Gordon -- Beyond the looking glass : what faculty and students need to be successful online / Rena M. Palloff and Keith Pratt -- Teaching professionals to be effective online facilitators and instructors : lessons from hard-won experience / Leni Wildflower -- Leadership and management of online learning environments in universities / Anna DiStefano and Judy Witt -- Accrediting online institutions and programs : quality assurance or bureaucratic hurdle? / Ralph Wolff -- Virtual libraries in online learning / Stefan Kramer. |
| 650 #0 - SUBJECT ADDED ENTRY--TOPICAL TERM | |
| Topical term or geographic name entry element | Education, Higher |
| General subdivision | Computer-assisted instruction |
| Form subdivision | Handbooks, manuals, etc. |
| 650 #0 - SUBJECT ADDED ENTRY--TOPICAL TERM | |
| Topical term or geographic name entry element | Internet in education |
| Form subdivision | Handbooks, manuals, etc. |
| 650 #0 - SUBJECT ADDED ENTRY--TOPICAL TERM | |
| Topical term or geographic name entry element | Employees |
| General subdivision | Training of |
| -- | Computer-assisted instruction |
| Form subdivision | Handbooks, manuals, etc. |
| 700 1# - ADDED ENTRY--PERSONAL NAME | |
| Personal name | Rudestam, Kjell Erik. |
| 700 1# - ADDED ENTRY--PERSONAL NAME | |
| Personal name | Schoenholtz-Read, Judith. |
| 906 ## - LOCAL DATA ELEMENT F, LDF (RLIN) | |
| a | 7 |
| b | cbc |
| c | orignew |
| d | 1 |
| e | ecip |
| f | 20 |
| g | y-gencatlg |
| 942 ## - ADDED ENTRY ELEMENTS (KOHA) | |
| Source of classification or shelving scheme | |
| Koha item type | Book |
| Withdrawn status | Lost status | Damaged status | Not for loan | Collection code | Permanent Location | Current Location | Shelving location | Date acquired | Source of acquisition | Cost, normal purchase price | Full call number | Barcode | Date last seen | Price effective from | Koha item type |
|---|---|---|---|---|---|---|---|---|---|---|---|---|---|---|---|
| Central Library (CL) | Central Library (CL) | General Stacks | 05/30/2013 | Allied Book Company | 5746.80 | 378.17344678 RUD | SEECS012359 | 03/20/2024 | 06/07/2013 | Reference |
